<?xml version="1.0" encoding="UTF-8"?>
<record
    xmlns:xsi="http://www.w3.org/2001/XMLSchema-instance"
    xsi:schemaLocation="http://www.loc.gov/MARC21/slim http://www.loc.gov/standards/marcxml/schema/MARC21slim.xsd"
    xmlns="http://www.loc.gov/MARC21/slim">

  <leader>03899njm a2200469Ia 4500</leader>
  <controlfield tag="001">B5648</controlfield>
  <controlfield tag="003">IT-RoPAU</controlfield>
  <controlfield tag="005">20220918181115.0</controlfield>
  <controlfield tag="008">131025s9999    xx            000 0 und d</controlfield>
  <datafield tag="040" ind1=" " ind2=" ">
    <subfield code="a">IT-RoPAU</subfield>
  </datafield>
  <datafield tag="040" ind1=" " ind2=" ">
    <subfield code="c">IT-RoPAU</subfield>
  </datafield>
  <datafield tag="999" ind1=" " ind2=" ">
    <subfield code="c">99312</subfield>
    <subfield code="d">99312</subfield>
  </datafield>
  <datafield tag="999" ind1=" " ind2=" ">
    <subfield code="b">n.d.</subfield>
  </datafield>
  <datafield tag="100" ind1=" " ind2=" ">
    <subfield code="a">AA.VV.</subfield>
    <subfield code="9">794</subfield>
  </datafield>
  <datafield tag="100" ind1=" " ind2=" ">
    <subfield code="e">Autore musica</subfield>
    <subfield code="9">29126</subfield>
  </datafield>
  <datafield tag="100" ind1=" " ind2=" ">
    <subfield code="g">Codice autore musica SPICS: 12000</subfield>
    <subfield code="9">796</subfield>
  </datafield>
  <datafield tag="245" ind1=" " ind2=" ">
    <subfield code="a">Dizzy il magnifico</subfield>
  </datafield>
  <datafield tag="250" ind1=" " ind2=" ">
    <subfield code="a">2a ed.</subfield>
  </datafield>
  <datafield tag="260" ind1=" " ind2=" ">
    <subfield code="a">MILANO</subfield>
  </datafield>
  <datafield tag="260" ind1=" " ind2=" ">
    <subfield code="b">RUSCONI</subfield>
    <subfield code="c">1993 [1a Ed.:0]</subfield>
  </datafield>
  <datafield tag="300" ind1=" " ind2=" ">
    <subfield code="a">COMPACT DISC</subfield>
  </datafield>
  <datafield tag="300" ind1=" " ind2=" ">
    <subfield code="c">76 minuti (Testo: 0 pag.)</subfield>
  </datafield>
  <datafield tag="500" ind1=" " ind2=" ">
    <subfield code="a">Musica jazz. Cd fuori commercio allegato al n. 3 della rivista "Musica jazz".</subfield>
  </datafield>
  <datafield tag="505" ind1=" " ind2=" ">
    <subfield code="a">The Squirrel (4:00) - Good Bait [(New York, giugno-luglio 1949) (4:00)] - Rhumbop Concerto: Relaxin' At Camarillo [(Los Angeles, 31 agosto 1949) (4:00)] - Rhumbop Concerto: Guarachi Guaro [(Los Angeles, 31 agosto 1949) (5:00)] - Groovin' High [(Stoccolma, primavera 1970) (11:00)] - Let Me Outta Here (13:00) - A Night In Tunisia [(Stoccolma, primavera 1970) (13:00)] - Kush [(Londra, 10 giugno 1989) (6:00)] - Tin Tin Deo [(Londra, 10 giugno 1989) (7:00)]</subfield>
  </datafield>
  <datafield tag="511" ind1=" " ind2=" ">
    <subfield code="a">Gillespie Dizzy: tr; Burns Dave: tr; Wright Elmon: tr; Cook Willie: tr; Sheperd Bill: trne; Brown John: alto; Henry Ernie: alto; Moody James: ten; Gayles Joe: ten; Payne Cecil: bar; Foreman James: p; Boyd Nelson: cb; Stewart Teddy: batt; Pozo Chano: perc; Dizzy Gillespie and His Orchestra</subfield>
  </datafield>
  <datafield tag="511" ind1=" " ind2=" ">
    <subfield code="a">Gillespie Dizzy: tr; Harris Benny: tr; Wright Elmon: tr; Cook Willie: tr; Greenlee Charles: trne; Hurt Sam: trne; Johnson J.J.: trne; Brown John: alto; Henry Ernie: alto; Lateef Yusef: ten; Gayles Joe: ten; Gibson Al: bar; Foreman James: p; McKibbon Al: cb; Stewart Teddy: batt; Guerra Vince: perc; Dizzy Gillespie and His Orchestra</subfield>
  </datafield>
  <datafield tag="511" ind1=" " ind2=" ">
    <subfield code="a">Gillespie Dizzy: tr; Harris Benny: tr; Wright Elmon: tr; Cook Willie: tr; Greenlee Charles: trne; Duryea A: trne; Johnson J.J.: trne; Brown John: alto; Henry Ernie: alto; Lateef Yusef: ten; Gayles Joe: ten; Gibson Al: bar; Foreman James: p; McKibbon Al: cb; Stewart Teddy: batt; Guerra Vince: perc; Dizzy Gillespie and His Orchestra</subfield>
  </datafield>
  <datafield tag="511" ind1=" " ind2=" ">
    <subfield code="a">Gillespie Dizzy: tr; Longo Mike: p; Davis George: chit; Mitchell Red: cb; Lee David: batt; Dizzy Gillespie Quintet</subfield>
  </datafield>
  <datafield tag="511" ind1=" " ind2=" ">
    <subfield code="a">Gillespie Dizzy: tr; Roditi Claudio: tr; Sandoval Arturo: tr, flic; Hampton Slide: trne; Turre Steve: trne, b; D'Rivera Paquito: alto, cl; Moody James: alto, ten, fl; Rivera Mario: ten, sop; Perez Danilo: p; Cherry Ed: chit; Lee John: cb; Berroa Ignacio: batt; Hidalgo Giovanni: conga, perc; Moreira Airto: perc; Dizzy Gillespie and The United Nation Orchestra</subfield>
  </datafield>
  <datafield tag="650" ind1=" " ind2=" ">
    <subfield code="a">JAZZ [COMPACT DISC]</subfield>
    <subfield code="e">Codice MATERIA SPICS: 9949</subfield>
    <subfield code="9">11822</subfield>
  </datafield>
  <datafield tag="700" ind1=" " ind2=" ">
    <subfield code="a">Gillespie Dizzy</subfield>
    <subfield code="g">Codice interprete SPICS: 10777</subfield>
    <subfield code="e">Interprete</subfield>
    <subfield code="9">29127</subfield>
  </datafield>
  <datafield tag="700" ind1=" " ind2=" ">
    <subfield code="a">Dameron Tadd</subfield>
    <subfield code="g">Codice autore musica SPICS: 10526</subfield>
    <subfield code="e">Autore musica</subfield>
    <subfield code="p">The Squirrel - Good Bait</subfield>
    <subfield code="9">29128</subfield>
  </datafield>
  <datafield tag="700" ind1=" " ind2=" ">
    <subfield code="a">Basie Count</subfield>
    <subfield code="g">Codice autore SPICS: 10545</subfield>
    <subfield code="e">Autore</subfield>
    <subfield code="p">Good Bait</subfield>
    <subfield code="9">29129</subfield>
  </datafield>
  <datafield tag="700" ind1=" " ind2=" ">
    <subfield code="a">Parker Charlie (B.)</subfield>
    <subfield code="g">Codice autore musica SPICS: 10799</subfield>
    <subfield code="e">Autore musica</subfield>
    <subfield code="p">Rhumbop Concerto: Relaxin' At Camarillo</subfield>
    <subfield code="9">29130</subfield>
  </datafield>
  <datafield tag="700" ind1=" " ind2=" ">
    <subfield code="a">Gillespie Dizzy</subfield>
    <subfield code="g">Codice autore musica SPICS: 10777</subfield>
    <subfield code="e">Autore musica</subfield>
    <subfield code="p">Rhumbop Concerto: Guarachi Guaro - Groovin' High - A Night In Tunisia - Kush - Tin Tin Deo </subfield>
    <subfield code="9">29131</subfield>
  </datafield>
  <datafield tag="700" ind1=" " ind2=" ">
    <subfield code="a">Fuller Gil</subfield>
    <subfield code="g">Codice autore SPICS: 13022</subfield>
    <subfield code="e">Autore</subfield>
    <subfield code="p">Rhumbop Concerto: Guarachi Guaro</subfield>
    <subfield code="9">29132</subfield>
  </datafield>
  <datafield tag="700" ind1=" " ind2=" ">
    <subfield code="a">Longo Mike</subfield>
    <subfield code="g">Codice autore musica SPICS: 38489</subfield>
    <subfield code="e">Autore musica</subfield>
    <subfield code="p">Let Me Outta Here</subfield>
    <subfield code="9">29133</subfield>
  </datafield>
  <datafield tag="700" ind1=" " ind2=" ">
    <subfield code="a">Paparelli Frank</subfield>
    <subfield code="g">Codice autore SPICS: 18047</subfield>
    <subfield code="e">Autore</subfield>
    <subfield code="p">A Night In Tunisia</subfield>
    <subfield code="9">29134</subfield>
  </datafield>
  <datafield tag="700" ind1=" " ind2=" ">
    <subfield code="a">Music Dizlo</subfield>
    <subfield code="g">Codice autore SPICS: 38490</subfield>
    <subfield code="e">Autore</subfield>
    <subfield code="p">Kush</subfield>
    <subfield code="9">29135</subfield>
  </datafield>
  <datafield tag="700" ind1=" " ind2=" ">
    <subfield code="a">Pozo Chano</subfield>
    <subfield code="g">Codice autore SPICS: 38491</subfield>
    <subfield code="e">Autore</subfield>
    <subfield code="p">Tin Tin Deo</subfield>
    <subfield code="9">29136</subfield>
  </datafield>
  <datafield tag="700" ind1=" " ind2=" ">
    <subfield code="a">Music Dizlo</subfield>
    <subfield code="g">Codice autore testo/musica SPICS: 38490</subfield>
    <subfield code="e">Autore testo/musica</subfield>
    <subfield code="p">Tin Tin Deo</subfield>
    <subfield code="9">29137</subfield>
  </datafield>
  <datafield tag="942" ind1=" " ind2=" ">
    <subfield code="c">CD</subfield>
    <subfield code="2">ddc</subfield>
  </datafield>
  <datafield tag="952" ind1=" " ind2=" ">
    <subfield code="0">0</subfield>
    <subfield code="1">0</subfield>
    <subfield code="4">0</subfield>
    <subfield code="6">B_5648_000000000000000</subfield>
    <subfield code="7">1</subfield>
    <subfield code="a">SPICS</subfield>
    <subfield code="b">SPICS</subfield>
    <subfield code="d">2013-10-25</subfield>
    <subfield code="l">0</subfield>
    <subfield code="o">B5648</subfield>
    <subfield code="r">2013-10-25 00:00:00</subfield>
    <subfield code="w">2013-10-25</subfield>
    <subfield code="y">CD</subfield>
    <subfield code="z">Progr. Ins.: 773 / N.Vol.: 1 / Copie: 1 - Copia rara: n.d. / date import: 01.01.2014 - By Epidotti, Trombetti, Vaglietti</subfield>
  </datafield>
</record>
